Sports Quiz

Random Sports or Basketball Quiz

NBA Close-Up Logos Quiz Stats

 Plays Quiz Updated Jul 17, 2017

Support Sporcle.
Go Orange.
Score 0/30 Timer 03:00
3 Plays Today
% Correct
Charlotte Hornets
97.2%
San Antonio Spurs
96.4%
Atlanta Hawks
94.5%
Golden State Warriors
93.4%
Boston Celtics
92.7%
Dallas Mavericks
92.1%
Toronto Raptors
92%
Sacramento Kings
91.8%
Phoenix Suns
91.7%
New York Knicks
90.6%
Milwaukee Bucks
90.3%
Detroit Pistons
90.2%
Miami Heat
90.1%
Minnesota Timberwolves
90.1%
Houston Rockets
90%
% Correct
Indiana Pacers
89.6%
Utah Jazz
89%
Los Angeles Lakers
87.8%
Memphis Grizzlies
85.5%
Philadelphia 76ers
85.3%
Brooklyn Nets
83.5%
Los Angeles Clippers
81.9%
Cleveland Cavaliers
81.8%
Oklahoma City Thunder
80.8%
Orlando Magic
80.5%
Chicago Bulls
79.6%
New Orleans Pelicans
79.3%
Portland Trail Blazers
78.2%
Denver Nuggets
74.1%
Washington Wizards
58.5%

You're not logged in!

Compare scores with friends on all Sporcle quizzes.
OR
Log In
Forgot?

From the Vault

Consonantal Divide

by Blackhawks65

We're making a mountain out of consonants here and there's nothing you can do to stop us.
Remove Ads.
Support Sporcle.
Get the best of Sporcle when you Go Orange. This ad-free experience offers more features, more stats, and more fun while also helping to support Sporcle. Thank you for becoming a member.

Show Comments

Extras

Top Quizzes Today


Score Distribution

Your Account Isn't Verified!

In order to create a playlist on Sporcle, you need to verify the email address you used during registration. Go to your Sporcle Settings to finish the process.

Report this User

Report this user for behavior that violates our Community Guidelines.

Details: